LIBRARY & INFORMATION CENTRE, KCAET, TAVANUR

ONLINE PUBLIC ACCESS CATALOGUE (OPAC)

Affinity of Indian languages / (Record no. 8802)

MARC details
000 -LEADER
fixed length control field 00425cam a2200169ua 4500
041 ## - LANGUAGE CODE
Language code of text/sound track or separate title eng
082 ## - DEWEY DECIMAL CLASSIFICATION NUMBER
Classification number 410
Item number SAT/AF
100 ## - MAIN ENTRY--AUTHOR NAME
Personal name Satyanarayan, M .
245 ## - TITLE STATEMENT
Title Affinity of Indian languages /
260 ## - PUBLICATION, DISTRIBUTION, ETC. (IMPRINT)
Place of publication India :
Name of publisher Ministry of I&B, Govt. of India ,
Year of publication 1959.
300 ## - PHYSICAL DESCRIPTION
Number of Pages 35 ; .
942 ## - ADDED ENTRY ELEMENTS (KOHA)
Koha item type Books
Holdings
Withdrawn status Lost status Damaged status Home library Current library Date acquired Full call number Accession Number Koha item type
Withdrawn     KAUAET Sanskrit University 07/04/2012 410 9608 Books
free website counter